| 000 | 00473nam a2200121Ia 4500 | ||
|---|---|---|---|
| 008 | 220620s9999||||xx |||||||||||||| ||und|| | ||
| 100 | _aJaime Serra-Olivares | ||
| 245 | 0 | _aSport Pedagogy - Recent Approach to Technical-Tactical Alphabetization | |
| 546 | _aEnglish[eng] | ||
| 650 | _aSocial Sciences||Education||Social Sciences and Humanities | ||
| 856 | _uhttps://www.intechopen.com/books/sport-pedagogy-recent-approach-to-technical-tactical-alphabetization | ||
| 942 | _cEB | ||
| 999 |
_c25157 _d25157 |
||